书目信息 |
| 题名: |
夏风吹过公主裙
|
|
| 作者: | 米梅 著 | |
| 分册: | ||
| 出版信息: | 西安 西安出版社 2020 |
|
| 页数: | 217页 | |
| 开本: | 24cm | |
| 丛书名: | ||
| 单 册: | ||
| 中图分类: | I287.45 , I247.57 | |
| 科图分类: | ||
| 主题词: | 儿童小说--长篇小说--中国--当代 , 小说--中国 | |
| 电子资源: | ||
| ISBN: | 978-7-5541-5063-4 | |
| 000 | 00633nam0 2200229 450 | |
| 001 | 2343280485 | |
| 005 | 20231204154040.75 | |
| 010 | @a978-7-5541-5063-4@dCNY55.00 | |
| 100 | @a20210317d2020 em y0chiy50 ea | |
| 101 | 0 | @achi |
| 102 | @aCN@b610000 | |
| 105 | @ay z 000ay | |
| 200 | 1 | @a夏风吹过公主裙@Axia feng chui guo gong zhu qun@f米梅著 |
| 210 | @a西安@c西安出版社@d2020@h2021印 | |
| 215 | @a217页@d24cm | |
| 606 | 0 | @a儿童小说@x长篇小说@y中国@z当代 |
| 606 | 0 | @a小说@x中国 |
| 690 | @aI287.45@v5 | |
| 690 | @aI247.57@v4 | |
| 701 | 0 | @a米梅@Ami mei@4著 |
| 801 | 0 | @aCN@b91MARC@c20210327 |
| 905 | @aZUCC@dI247.57@e6957 | |
| 夏风吹过公主裙/米梅著.-西安:西安出版社,2020(2021印) |
| 217页;24cm |
| ISBN 978-7-5541-5063-4:CNY55.00 |
| ● |
| 相关链接 |
|
|
|
正题名:夏风吹过公主裙
索取号:I247.57/6957
 
预约/预借
| 序号 | 登录号 | 条形码 | 馆藏地/架位号 | 状态 | 备注 |
| 1 | 2001259135 | 2001259135 | 辽宁北方(第一批)/辽宁北方(第一批)/142/ [索取号:I247.57/6957] | 在馆 | |
| 2 | 2001259136 | 2001259136 | 辽宁北方(第一批)/辽宁北方(第一批)/142/ [索取号:I247.57/6957] | 在馆 | |
| 3 | 2001259137 | 2001259137 | 辽宁北方(第一批)/辽宁北方(第一批)/142/ [索取号:I247.57/6957] | 在馆 | |
| 4 | 2001259138 | 2001259138 | 辽宁北方(第一批)/辽宁北方(第一批)/142/ [索取号:I247.57/6957] | 在馆 | |
| 5 | 2001259139 | 2001259139 | 辽宁北方(第一批)/辽宁北方(第一批)/142/ [索取号:I247.57/6957] | 在馆 | |
| 6 | 2001259140 | 2001259140 | 辽宁北方(第一批)/辽宁北方(第一批)/142/ [索取号:I247.57/6957] | 在馆 |